书目信息 |
| 题名: |
16毫米影片剪接技术
|
|
| 作者: | 美 丘吉尔 著 | |
| 分册: | ||
| 出版信息: | 北京 中国电影出版社 1982 |
|
| 页数: | 173页 | |
| 开本: | 20cm | |
| 丛书名: | ||
| 单 册: | ||
| 中图分类: | J932 | |
| 科图分类: | ||
| 主题词: | 电影摄影 , 电视摄影 | |
| 电子资源: | ||
| ISBN: | ||
| 000 | 00568nam0 2200205 450 | |
| 001 | 0652938313 | |
| 005 | 20060911144422.09 | |
| 010 | @dCNY0.94 | |
| 100 | @a20060911d1982 km y0chiy0120 ea | |
| 101 | 0 | @achi |
| 102 | @aCN@b110000 | |
| 200 | 1 | @a16毫米影片剪接技术@A16 hao mi ying pian jian jie ji shu@f[美] 丘吉尔 著@F[mei]qiu ji er zhu |
| 210 | @a北京@c中国电影出版社@d1982 | |
| 215 | @a173页@d20cm | |
| 606 | 0 | @a电影摄影 |
| 606 | 0 | @a电视摄影 |
| 690 | @aJ932@v3 | |
| 701 | 0 | @a美 丘吉尔@Amei qiu ji er@4著 |
| 801 | 0 | @aCN@bPFT@c20060911 |
| 905 | @a10447@dJ932@e146 | |
| 16毫米影片剪接技术/[美] 丘吉尔 著.-北京:中国电影出版社,1982 |
| 173页;20cm |
| ISBN :CNY0.94 |
| ● |
| 相关链接 |
|
|
|
|
正题名:16毫米影片剪接技术
索取号:J932/146
 
预约/预借
| 序号 | 登录号 | 条形码 | 馆藏地/架位号 | 状态 | 备注 |
| 1 | 0470546 | 204705462 | 密集书库/ [索取号:J932/146] | 在馆 |